[Event "Ì17Â"]
[Site "Loo"]
[Date "2017.04.26"]
[Round "7.19"]
[White "Ëèëîâ, Àëåêñàíäð."]
[Black "Òþðèí, Èëüÿ."]
[Result "1/2-1/2"]
[WhiteElo "2088"]
[BlackElo "2019"]
[PlyCount "80"]
[EventDate "2017.04.20"]

1. e4 e6 2. d3 d5 3. Nd2 Nf6 4. Ngf3 c5 5. g3 g6 6. Bg2 Bg7 7. O-O O-O 8. Re1
Nc6 9. Qe2 Re8 10. Nf1 h6 11. h4 b6 12. e5 Nd7 13. Bf4 a5 14. N1h2 Kh7 15. Qd2
Qe7 16. Ng4 Qf8 17. c3 Ba6 18. d4 Ra7 19. Bf1 Bxf1 20. Kxf1 f6 21. exf6 Nxf6
22. Nxf6+ Qxf6 23. Ne5 Nxe5 24. Bxe5 Qf3 25. Qe3 Qxe3 26. Rxe3 Bxe5 27. Rxe5 c4
28. Rae1 Rae7 29. f4 h5 30. Kf2 Kg7 31. Kf3 Kf6 32. Rg1 Rh8 33. Rg5 Rh6 34. Rg2
b5 35. Ke3 b4 36. Kd2 Rb7 37. Re5 Rhh7 38. g4 hxg4 39. Rxg4 Rh6 40. Reg5 Rb6
1/2-1/2

[Event "Ì17Â"]
[Site "Loo"]
[Date "2017.04.26"]
[Round "7.20"]
[White "Øèíêåâè÷, Ìàêñèì."]
[Black "Ãëóõîâ, Äìèòðèé."]
[Result "1-0"]
[WhiteElo "2020"]
[BlackElo "2028"]
[PlyCount "75"]
[EventDate "2017.04.20"]

1. d4 Nf6 2. c4 e6 3. Nf3 b6 4. a3 Bb7 5. Nc3 d5 6. cxd5 Nxd5 7. Qc2 Nxc3 8.
bxc3 c5 9. e4 Nd7 10. Bd3 Qc7 11. Bg5 cxd4 12. cxd4 Qxc2 13. Bxc2 Nf6 14. Ba4+
Kd8 15. e5 h6 16. exf6 hxg5 17. Nxg5 Rh5 18. Nxf7+ Kc7 19. Rc1+ Kb8 20. fxg7
Bxg7 21. Nd6 b5 22. Bd1 Rd5 23. Nxb7 Kxb7 24. Bf3 Bxd4 25. h4 Kb6 26. Bxd5 exd5
27. h5 Bb2 28. Rb1 Bxa3 29. h6 Bc5 30. g4 a5 31. Ke2 Bd4 32. Kd3 Bh8 33. g5 Rg8
34. Rbg1 Rg6 35. f4 Rc6 36. g6 Bf6 37. g7 Rc3+ 38. Kd2 1-0

[Event "Ì17Â"]
[Site "Loo"]
[Date "2017.04.26"]
[Round "7.21"]
[White "Ãîëèêîâ, Äàíèèë."]
[Black "Òîêìàøîâ, Ìàêñèì."]
[Result "1-0"]
[WhiteElo "2175"]
[BlackElo "2067"]
[PlyCount "83"]
[EventDate "2017.04.20"]

1. c4 c6 2. Nc3 d5 3. d4 Nf6 4. e3 a6 5. Nf3 b5 6. cxd5 cxd5 7. Bd3 Bg4 8. Qb3
Bxf3 9. gxf3 e6 10. Bd2 Nbd7 11. Ne2 Bd6 12. a4 b4 13. a5 O-O 14. Qa4 Qe7 15.
Ng3 g6 16. f4 Rfc8 17. O-O h5 18. f3 h4 19. Ne2 Nh5 20. Kh1 Ndf6 21. Rfc1 Qd7
22. Be1 h3 23. Ng1 Kg7 24. Nxh3 Rh8 25. Rc6 Qe7 26. Qc2 Ng3+ 27. Bxg3 Rxh3 28.
Rc8 Ra7 29. Kg2 Rh8 30. Rxh8 Kxh8 31. Bh4 Qd8 32. Bg5 Be7 33. Qc6 Nh5 34. Bxe7
Qxe7 35. Qc5 Qb7 36. Rc1 Kg7 37. Qb6 Qe7 38. Rc8 Rd7 39. Bxa6 Qh4 40. Qxb4 Re7
41. Ra8 Kf6 42. Qb8 1-0

[Event "Ì17Â"]
[Site "Loo"]
[Date "2017.04.26"]
[Round "7.22"]
[White "Âîéíèêîíèñ, Íèêèòà."]
[Black "Ïðèâîðîòñêèé, Îëåã."]
[Result "1/2-1/2"]
[WhiteElo "2060"]
[BlackElo "2164"]
[PlyCount "38"]
[EventDate "2017.04.20"]

1. e4 e5 2. Nf3 Nc6 3. d4 exd4 4. Nxd4 Nf6 5. Nxc6 bxc6 6. e5 Nd5 7. Bd3 d6 8.
exd6 Bxd6 9. O-O O-O 10. Nd2 Bf4 11. Re1 Rb8 12. g3 Bxd2 13. Qxd2 Qf6 14. Qa5
Nb4 15. Bg5 Qd4 16. Be7 Nxd3 17. cxd3 Rxb2 18. Qc5 Qxc5 19. Bxc5 Rd8 {
çàïèñü íåðàçáîð~~èâà} 1/2-1/2

[Event "Ì17Â"]
[Site "Loo"]
[Date "2017.04.26"]
[Round "7.23"]
[White "Àõòàðèåâ, Àíäðåé."]
[Black "Ñòåïàíîâ, Àíäðåé."]
[Result "0-1"]
[WhiteElo "2008"]
[BlackElo "2147"]
[PlyCount "152"]
[EventDate "2017.04.20"]

1. e4 c5 2. Nf3 e6 3. d4 cxd4 4. Nxd4 Nc6 5. Nc3 a6 6. a3 Nf6 7. Be2 Qc7 8. O-O
Bd6 9. h3 Nxd4 10. Qxd4 b5 11. Qd3 Bb7 12. f4 Bc5+ 13. Be3 d5 14. exd5 Nxd5 15.
Nxd5 Bxd5 16. Bxc5 Qxc5+ 17. Kh1 Rd8 18. Qg3 O-O 19. c3 Bb3 20. Bd3 g6 21. Rac1
Qd5 22. Bc2 Bxc2 23. Rxc2 Rd7 24. Rcf2 Qb3 25. Re2 Rd5 26. Kh2 Rfd8 27. Rff2
Kg7 28. Qe3 h5 29. h4 a5 30. Rd2 a4 31. g3 Kh7 32. Rg2 Qc4 33. Rgf2 Rd3 34.
Rxd3 Rxd3 35. Qe5 Qc6 36. Rg2 Rd1 37. Qe2 Qd5 38. Qf2 Kg7 39. Qe2 Kf6 40. Qf2
Qd3 41. Qc2 Qxc2 42. Rxc2 Kf5 43. c4 bxc4 44. Rxc4 Kg4 45. f5+ Kxf5 46. Rf4+
Ke5 47. Rxf7 Rd4 48. Rb7 Ke4 49. b3 axb3 50. Rxb3 e5 51. Kg2 Rd2+ 52. Kf1 Ra2
53. Ke1 Kf5 54. Re3 e4 55. Rb3 Kg4 56. Re3 Kf5 57. Rb3 Ke5 58. Rb5+ Kd4 59.
Rb4+ Ke5 60. Rb5+ Kf6 61. Rb3 Kf5 62. Re3 Rb2 63. Kd1 Ke5 64. Kc1 Rg2 65. Rb3
Kd4 66. Rb4+ Ke3 67. Rb3+ Kf2 68. Kd2 Kf1+ 69. Kd1 Re2 70. g4 hxg4 71. Rg3 Re1+
72. Kd2 e3+ 73. Kd3 Kf2 74. Rxg4 Rd1+ 75. Kc2 e2 76. Rf4+ Kg3 0-1

[Event "Ì17Â"]
[Site "Loo"]
[Date "2017.04.26"]
[Round "7.24"]
[White "Áàáàíèí, Ãëåá."]
[Black "Ñàðàòîâñêèé, Äìèòðèé."]
[Result "1/2-1/2"]
[WhiteElo "2054"]
[BlackElo "1929"]
[PlyCount "115"]
[EventDate "2017.04.20"]

1. e4 c6 2. d4 d5 3. Nc3 dxe4 4. Nxe4 Bf5 5. Ng3 Bg6 6. N1e2 h6 7. Nf4 Bh7 8.
Bc4 Nf6 9. O-O e6 10. Re1 Be7 11. Bxe6 fxe6 12. Nxe6 Qd7 13. Nxg7+ Kf7 14. Ne6
Na6 15. Bxh6 Bg6 16. Bg7 Rh4 17. Qf3 Qd5 18. c4 Qxf3 19. Ng5+ Kxg7 20. Rxe7+
Kf8 21. Nxf3 Kxe7 22. Nxh4 Bd3 23. Re1+ Kd7 24. Nf3 Bh7 25. Ne5+ Kc7 26. a3 Rd8
27. Ne2 Nb8 28. Nf4 Re8 29. d5 Bf5 30. h3 Nbd7 31. d6+ Kxd6 32. Nf7+ Kc5 33.
Rxe8 Nxe8 34. g4 Bc2 35. h4 Kd4 36. h5 Ndf6 37. f3 Ke3 38. Ne6 Bd1 39. h6 Nh7
40. Nfg5 Nef6 41. Nxh7 Nxh7 42. g5 Bc2 43. Kg2 Bf5 44. Ng7 Kf4 45. Nxf5 Kxf5
46. f4 Nf8 47. Kg3 b6 48. b3 Nh7 49. b4 c5 50. b5 Nf8 51. Kf3 Ng6 52. h7 Nh4+
53. Kg3 Ng6 54. a4 Nh8 55. Kh4 Kxf4 56. Kh5 Kf5 57. Kh6 Ng6 58. Kh5 1/2-1/2

[Event "Ì17Â"]
[Site "Loo"]
[Date "2017.04.26"]
[Round "7.25"]
[White "Àðáóçîâ, Ìèõàèë."]
[Black "Åëèñååâ, Åãîð."]
[Result "1/2-1/2"]
[WhiteElo "2048"]
[BlackElo "1834"]
[PlyCount "86"]
[EventDate "2017.04.20"]

1. d4 e6 2. c4 Nf6 3. Nc3 b6 4. Bg5 Bb7 5. e3 Be7 6. Nf3 O-O 7. Bd3 h6 8. Bh4
c5 9. O-O Nc6 10. h3 Rc8 11. Be2 cxd4 12. exd4 a6 13. d5 exd5 14. cxd5 Nxd5 15.
Nxd5 Bxh4 16. Nxh4 Qxh4 17. Nxb6 Rcd8 18. Qa4 Qg5 19. Bf3 d5 20. h4 Qe5 21.
Rfe1 Qd4 22. Qxd4 Nxd4 23. Re7 Nxf3+ 24. gxf3 Bc6 25. Rc1 Rd6 26. Rc7 Bb5 27.
Nc8 Rf6 28. Ne7+ Kh7 29. Nxd5 Rxf3 30. Kg2 Rd3 31. Ne3 Rd4 32. h5 f5 33. Re7
Rd7 34. Rxd7 Bxd7 35. f4 Re8 36. Kf3 Be6 37. b3 Bf7 38. Nxf5 Bxh5+ 39. Kg3 Bg6
40. Nh4 Bd3 41. Rc3 Rd8 42. Nf3 Be4 43. Re3 Bb7 1/2-1/2

[Event "Ì17Â"]
[Site "Loo"]
[Date "2017.04.26"]
[Round "7.26"]
[White "Áîíäàðåíêî, Ìèøåëü."]
[Black "×èæî, Àëåêñàíäð."]
[Result "1/2-1/2"]
[WhiteElo "1858"]
[BlackElo "1962"]
[PlyCount "140"]
[EventDate "2017.04.20"]

1. c4 e5 2. Nc3 Nf6 3. d3 Nc6 4. g3 d5 5. cxd5 Nxd5 6. Bg2 Nb6 7. Nf3 Be7 8.
O-O O-O 9. Rb1 Be6 10. a3 a5 11. Be3 Nd5 12. Bd2 Nb6 13. Be3 f6 14. d4 exd4 15.
Nxd4 Nxd4 16. Qxd4 Qxd4 17. Bxd4 Nc4 18. Bxb7 Rad8 19. Rfd1 c5 20. Be3 Nxe3 21.
fxe3 Kh8 22. Kf2 Bb3 23. Rxd8 Rxd8 24. Rc1 f5 25. e4 fxe4 26. Nxe4 Rf8+ 27. Kg2
Rf5 28. Rc3 a4 29. Bc6 g6 30. Rf3 Re5 31. Nc3 Bg5 32. Kf2 c4 33. Bxa4 Bc1 34.
Bxb3 cxb3 35. Nd1 Rb5 36. Rc3 Bd2 37. Rd3 Bc1 38. e3 Rf5+ 39. Ke2 Rc5 40. Rxb3
Rc2+ 41. Kf3 Rd2 42. Rb8+ Kg7 43. Rb7+ Kg8 44. Nf2 Bxb2 45. a4 Be5 46. a5 Ra2
47. Ng4 Rxa5 48. Nh6+ Kh8 49. Re7 Bf6 50. Rc7 Rh5 51. Ng4 Rf5+ 52. Ke4 Bb2 53.
Rc8+ Kg7 54. Rc7+ Kh8 55. Rb7 Ba1 56. Rb8+ Kg7 57. Rb7+ Kh8 58. Rc7 Bb2 59. h4
h5 60. Nh6 Rb5 61. Nf7+ Kg8 62. Nh6+ Kh8 63. Kf4 Bg7 64. Nf7+ Kg8 65. Nd6 Ra5
66. Rc6 Kh7 67. Rc7 Kg8 68. Rc6 Kh7 69. Ne4 Bh6+ 70. Kf3 Kg7 1/2-1/2

[Event "Ì17Â"]
[Site "Loo"]
[Date "2017.04.26"]
[Round "7.27"]
[White "Èâàíîâ, Êèðèëë."]
[Black "Àíòîíÿí, Ãðàíò."]
[Result "0-1"]
[WhiteElo "1943"]
[BlackElo "2059"]
[PlyCount "56"]
[EventDate "2017.04.20"]

1. d4 d5 2. c4 e6 3. Nf3 Nf6 4. Nc3 Be7 5. g3 O-O 6. Bg2 Nbd7 7. O-O dxc4 8. e4
c5 9. a4 cxd4 10. Qxd4 Nb6 11. Qxd8 Rxd8 12. a5 Nbd7 13. Nd2 Ne5 14. Na4 b5 15.
axb6 axb6 16. f4 Neg4 17. Nxc4 b5 18. h3 bxc4 19. hxg4 Bd7 20. b3 cxb3 21. g5
Ne8 22. Ba3 Bxa3 23. Rxa3 Rxa4 24. Rxb3 Rda8 25. e5 R8a7 26. Rb2 Ra1 27. Kh2
Rxf1 28. Bxf1 Kf8 0-1

[Event "Ì19"]
[Site "Loo"]
[Date "2017.04.26"]
[Round "7.1"]
[White "Îôèöåðüÿí, Áîðèñ."]
[Black "Åëåöêèé, Èâàí."]
[Result "1/2-1/2"]
[WhiteElo "2371"]
[BlackElo "2367"]
[PlyCount "73"]
[EventDate "2017.04.20"]

1. Nf3 d5 2. d4 Nf6 3. c4 c6 4. e3 Bf5 5. Nc3 e6 6. Nh4 Be4 7. f3 Bg6 8. g3 Be7
9. Be2 O-O 10. Nxg6 hxg6 11. Qb3 Qd7 12. O-O c5 13. cxd5 exd5 14. dxc5 Bxc5 15.
Rd1 Rd8 16. Nxd5 Nxd5 17. Bc4 Nc6 18. Rxd5 Qe7 19. Kg2 Na5 20. Qb5 Nxc4 21.
Qxc5 Qe6 22. e4 Rxd5 23. Qxd5 Qxd5 24. exd5 Rd8 25. b3 Ne5 26. Be3 Rxd5 27. Rc1
Nc6 28. Kf1 f6 29. Ke2 Kf7 30. h4 Ke6 31. Rc4 a6 32. Rg4 Kf7 33. Rc4 Ke6 34.
Rg4 Kf7 35. Rc4 Ke6 36. Rg4 Kf7 37. Rc4 1/2-1/2

[Event "Ì19"]
[Site "Loo"]
[Date "2017.04.26"]
[Round "7.2"]
[White "Äðûãàëîâ, Ñåðãåé."]
[Black "Ãàëü÷åíêî, Ìàòâåé."]
[Result "1-0"]
[WhiteElo "2419"]
[BlackElo "2346"]
[PlyCount "155"]
[EventDate "2017.04.20"]

1. d4 Nf6 2. c4 e6 3. Nf3 Bb4+ 4. Nbd2 O-O 5. a3 Bxd2+ 6. Qxd2 a5 7. b3 d6 8.
e3 Qe7 9. Bb2 Nbd7 10. Be2 e5 11. Qc2 b6 12. O-O Bb7 13. b4 Rfe8 14. Rfd1 Be4
15. Qc3 Bg6 16. dxe5 dxe5 17. Nd2 c5 18. b5 Rad8 19. Nf1 Ne4 20. Qe1 f6 21. f3
Nd6 22. e4 Nf8 23. Ne3 Ne6 24. Nd5 Qb7 25. Qg3 Nd4 26. Bd3 Kh8 27. Re1 Bf7 28.
Rad1 Bxd5 29. exd5 Qf7 30. Qh3 f5 31. Qh4 Qg6 32. Bxd4 exd4 33. Re6 Rxe6 34.
Qxd8+ Qe8 35. Qxb6 Re1+ 36. Rxe1 Qxe1+ 37. Bf1 Qe3+ 38. Kh1 Qe1 39. h3 Ne8 40.
Qxc5 Qxf1+ 41. Kh2 Nf6 42. b6 Qe1 43. Qc7 h6 44. b7 Nd7 45. b8=Q+ Nxb8 46.
Qxb8+ Kh7 47. Qf4 d3 48. Qxf5+ Kg8 49. Qxd3 Qe5+ 50. g3 Qb2+ 51. Kg1 Qc1+ 52.
Kf2 Qb2+ 53. Ke3 Qe5+ 54. Kf2 Qb2+ 55. Qe2 Qxa3 56. h4 a4 57. Qe6+ Kh7 58. d6
Qb2+ 59. Kg1 Qc1+ 60. Kg2 Qd2+ 61. Kh3 a3 62. Qe4+ Kh8 63. Qa8+ Kh7 64. Qxa3
Qd1 65. Qe3 Qxd6 66. Qe4+ Kg8 67. Qa8+ Kh7 68. Qd5 Qa6 69. c5 Qf1+ 70. Kg4 Qb5
71. h5 g6 72. Qf7+ Kh8 73. hxg6 h5+ 74. Kh4 Qb4+ 75. Kh3 Qg4+ 76. Kg2 Qxg3+ 77.
Kxg3 h4+ 78. Kf2 1-0

[Event "Ì19"]
[Site "Loo"]
[Date "2017.04.26"]
[Round "7.3"]
[White "Ñìèðíîâ, Òèìîôåé."]
[Black "Àñêåðîâ, Ìàðàò."]
[Result "1/2-1/2"]
[WhiteElo "2296"]
[BlackElo "2213"]
[PlyCount "134"]
[EventDate "2017.04.20"]

1. e4 e6 2. d4 d5 3. Nc3 Nf6 4. e5 Nfd7 5. f4 c5 6. Nf3 Nc6 7. Be3 Be7 8. dxc5
Bxc5 9. Qd2 O-O 10. O-O-O Qa5 11. Bxc5 Nxc5 12. Kb1 Bd7 13. h4 Rfd8 14. Bd3
Rac8 15. h5 h6 16. g4 Nb4 17. Nd4 Ncxd3 18. cxd3 Qb6 19. Nce2 Bb5 20. Nxb5 Qxb5
21. Nc3 Qb6 22. d4 Rc4 23. f5 Nc6 24. Ne2 Nb4 25. Rc1 Rdc8 26. Rc3 Rxc3 27.
Nxc3 Rc4 28. Rd1 Nc6 29. Ne2 Nb4 30. Rc1 Rxc1+ 31. Nxc1 Nc6 32. Ne2 Qd8 33.
fxe6 fxe6 34. Qf4 Qh4 35. Kc2 Qe1 36. Nc3 Qg1 37. Ne2 Qg2 38. Kd2 Na5 39. b3
Nc6 40. a3 Na5 41. Qg3 Qxg3 42. Nxg3 Nxb3+ 43. Kc3 Na5 44. Kb4 Nc4 45. Ne2 Kf7
46. Nf4 b6 47. a4 a6 48. Ng2 Nd2 49. Nh4 Ne4 50. Ng2 Ke7 51. a5 b5 52. Ne3 Kd7
53. Ng2 Kc6 54. Nf4 Ng5 55. Kc3 Kd7 56. Nd3 Ne4+ 57. Kb4 Kc6 58. Nf4 Ng5 59.
Kc3 Kc7 60. Kb4 Kd7 61. Nd3 Ne4 62. Nc5+ Nxc5 63. Kxc5 Kc7 64. Kb4 Kc6 65. Kb3
Kd7 66. Kb4 Ke7 67. Kb3 Kf7 1/2-1/2

[Event "Ì19"]
[Site "Loo"]
[Date "2017.04.26"]
[Round "7.4"]
[White "Àêìàëîâ, Äàíèèë."]
[Black "Ìóðòàçèí, Áóëàò."]
[Result "0-1"]
[WhiteElo "2286"]
[BlackElo "2406"]
[PlyCount "126"]
[EventDate "2017.04.20"]

1. d4 Nf6 2. Nc3 d5 3. Bf4 g6 4. Qd2 Bg7 5. f3 O-O 6. O-O-O c5 7. dxc5 Nc6 8.
e4 d4 9. Nb5 e5 10. Bg5 b6 11. Bc4 Ba6 12. Na3 Bxc4 13. Nxc4 Qe7 14. a3 Qxc5
15. Qd3 b5 16. Nd2 a5 17. Nh3 a4 18. Nf2 Nh5 19. g4 Nf4 20. Bxf4 exf4 21. Qe2
Ne5 22. Nd3 Nxd3+ 23. Qxd3 Rfc8 24. e5 b4 25. Ne4 Qxe5 26. axb4 Qe7 27. Nc5
Rcb8 28. Rhe1 Qd6 29. c3 Qd5 30. c4 Qd6 31. Qa3 Bf8 32. Re4 Qc6 33. Rd3 Bg7 34.
Kc2 Re8 35. Rd2 Rxe4 36. fxe4 Qf6 37. Nd3 Qe6 38. c5 f3 39. Nf2 Qc4+ 40. Kb1
Qf1+ 41. Nd1 f2 42. Qf3 a3 43. bxa3 d3 44. Rxf2 Qe1 45. Qxd3 Re8 46. Qe2 Qg1
47. Kc2 Rd8 48. Rf3 Qxg4 49. Rf2 Qe6 50. Nc3 Ra8 51. Nd5 Rxa3 52. Qc4 Qe5 53.
Kd1 Ra1+ 54. Ke2 Qh5+ 55. Rf3 Qxh2+ 56. Rf2 Qh5+ 57. Rf3 Qh1 58. Ne7+ Kh8 59.
Qb3 Qg2+ 60. Ke3 Qg5+ 61. Kd3 Qxe7 62. Rxf7 Qe5 63. Kc4 Qe6+ 0-1

[Event "Ì19"]
[Site "Loo"]
[Date "2017.04.26"]
[Round "7.5"]
[White "Òèìåðõàíîâ, Àëåêñàíäð."]
[Black "Ñàâåíêîâ, Êîíñòàíòèí."]
[Result "0-1"]
[WhiteElo "2322"]
[BlackElo "2324"]
[PlyCount "100"]
[EventDate "2017.04.20"]

1. d4 Nf6 2. Bg5 c5 3. Bxf6 gxf6 4. d5 Qb6 5. Qc1 f5 6. c4 Bg7 7. Nc3 d6 8. e3
Nd7 9. Nf3 Nf6 10. Bd3 Ne4 11. Qc2 Qxb2 12. Qxb2 Bxc3+ 13. Qxc3 Nxc3 14. Nd2 b5
15. f3 bxc4 16. Bxc4 Rb8 17. Rc1 Na4 18. Bb3 Nb6 19. e4 fxe4 20. fxe4 Ba6 21.
Kf2 Nd7 22. Ba4 Rb4 23. Bc6 Kd8 24. Rb1 Ne5 25. Rxb4 Nd3+ 26. Ke3 Nxb4 27. Ba4
Nxa2 28. Bb3 Nb4 29. Bc4 Bxc4 30. Nxc4 Rg8 31. Kf3 Kc7 32. g4 e6 33. dxe6 fxe6
34. h4 d5 35. exd5 exd5 36. Ne5 Nc6 37. Nxc6 Kxc6 38. g5 d4 39. Rc1 Kd6 40. Ra1
Rg7 41. Ke4 Re7+ 42. Kf5 Kd5 43. Kf6 Rb7 44. h5 d3 45. g6 hxg6 46. hxg6 c4 47.
g7 Rxg7 48. Kxg7 d2 49. Rxa7 c3 50. Kf6 Ke4 0-1

[Event "Ì19"]
[Site "Loo"]
[Date "2017.04.26"]
[Round "7.6"]
[White "Õàð÷åíêî, Àëåêñåé."]
[Black "Åëèñòðàòîâ, Ñåì¸í."]
[Result "0-1"]
[WhiteElo "2263"]
[BlackElo "2417"]
[PlyCount "90"]
[EventDate "2017.04.20"]

1. d4 Nf6 2. Nf3 d5 3. Bf4 c5 4. e3 Nc6 5. Nbd2 e6 6. c3 Bd6 7. dxc5 Bxc5 8.
Bd3 O-O 9. O-O h6 10. h3 Re8 11. e4 e5 12. Bh2 dxe4 13. Nxe4 Nxe4 14. Bxe4 Qxd1
15. Rfxd1 f6 16. b4 Bb6 17. a4 Bc7 18. Bd5+ Be6 19. Bxe6+ Rxe6 20. Rd7 Re7 21.
Rad1 Rxd7 22. Rxd7 Rd8 23. Rxd8+ Bxd8 24. Nd2 Ne7 25. f3 Nd5 26. Ne4 a5 27. b5
Be7 28. Kf1 Nb6 29. Ke2 Nxa4 30. Kd3 Nc5+ 31. Kc4 a4 32. Nxc5 Bxc5 33. Bg3 b6
34. Be1 Kf7 35. Bd2 f5 36. Kd5 a3 37. Bc1 Kf6 38. h4 g6 39. g4 f4 40. Ke4 Ke6
41. Kd3 Kd7 42. h5 g5 43. c4 Ke6 44. Kc2 a2 45. Kb2 Ba3+ 0-1

[Event "Ì19"]
[Site "Loo"]
[Date "2017.04.26"]
[Round "7.7"]
[White "Àôàíàñüåâ, Íèêèòà."]
[Black "Êëþêèí, Êèðèëë."]
[Result "1-0"]
[WhiteElo "2349"]
[BlackElo "2250"]
[PlyCount "71"]
[EventDate "2017.04.20"]

1. Nc3 c5 2. e3 Nf6 3. d4 e6 4. Nge2 d5 5. g3 Nc6 6. Bg2 cxd4 7. exd4 Bd6 8.
O-O O-O 9. Nb5 Bb8 10. c3 b6 11. Bf4 Bxf4 12. Nxf4 Ba6 13. a4 Na5 14. Re1 Bxb5
15. axb5 Qd7 16. Qa4 Ne8 17. Bh3 Kh8 18. b3 Nd6 19. Bf1 Rac8 20. Qb4 Rc7 21.
Bh3 Rcc8 22. Re5 Qc7 23. Rae1 Nab7 24. Nxd5 exd5 25. Bxc8 Qxc8 26. Rxd5 Re8 27.
Rxe8+ Qxe8 28. Re5 Qd7 29. c4 f6 30. Re1 h6 31. Qd2 Qf5 32. Qe2 Na5 33. Qe7
Nab7 34. b4 Qf3 35. c5 Nxb5 36. Qe8+ 1-0

[Event "Ì19"]
[Site "Loo"]
[Date "2017.04.26"]
[Round "7.8"]
[White "Ðàäæàáîâ, Ðîäèîí."]
[Black "Îâ÷èííèêîâ, Âñåâîëîä."]
[Result "1-0"]
[WhiteElo "2302"]
[BlackElo "2319"]
[PlyCount "89"]
[EventDate "2017.04.20"]

1. e4 g6 2. d4 Bg7 3. Nf3 d6 4. h3 Nf6 5. Bd3 O-O 6. O-O Nc6 7. c3 e5 8. a3 h6
9. b4 a6 10. Be3 Nd7 11. Qc2 Ne7 12. Nh2 d5 13. f3 f5 14. Nd2 Kh7 15. Rae1 b6
16. Bf2 exd4 17. Bxd4 c5 18. Bxg7 Kxg7 19. exf5 c4 20. Bxc4 dxc4 21. Qe4 Nxf5
22. Qxa8 Qc7 23. Qd5 b5 24. Ng4 Qb6+ 25. Rf2 h5 26. Re6 Qa7 27. Ne5 Nf6 28.
Rxf6 Rxf6 29. Ne4 Re6 30. Nc5 Rd6 31. Qe4 Rd1+ 32. Kh2 Qc7 33. g4 Ne7 34. Qf4
Nc6 35. Nxg6 Qf7 36. Qxf7+ Kxf7 37. gxh5 Re1 38. Ne4 Kg7 39. Rd2 Bf5 40. Rd6
Nb8 41. h6+ Kxh6 42. Ne7+ Kh7 43. Nxf5 Re2+ 44. Kg3 a5 45. Ng5+ 1-0

[Event "Ì19"]
[Site "Loo"]
[Date "2017.04.26"]
[Round "7.9"]
[White "Ëàïèí, Ïåòð."]
[Black "Áûêîâ, Åãîð."]
[Result "0-1"]
[WhiteElo "2188"]
[BlackElo "2263"]
[PlyCount "66"]
[EventDate "2017.04.20"]

1. e4 e5 2. Nf3 Nc6 3. d4 exd4 4. Nxd4 Nf6 5. Nxc6 bxc6 6. e5 Qe7 7. Qe2 Nd5 8.
c4 Nb6 9. Nc3 Qe6 10. Qe4 g6 11. Bd3 Bg7 12. f4 O-O 13. O-O f5 14. Qe2 d6 15.
c5 Nd5 16. Nxd5 cxd5 17. cxd6 cxd6 18. exd6 Qxd6 19. Be3 Bb7 20. Rad1 Kh8 21.
b3 d4 22. Bc1 Rfe8 23. Qf2 Be4 24. Bb2 Rad8 25. Rd2 Bxd3 26. Rxd3 Re4 27. g3
Rde8 28. Rd2 d3 29. Bxg7+ Kxg7 30. Rfd1 Re3 31. Qf1 Qd4 32. Kg2 Re2+ 33. Kh3 g5
0-1

[Event "Ì19"]
[Site "Loo"]
[Date "2017.04.26"]
[Round "7.10"]
[White "Ëèòâèíîâ, Ìàêñèì."]
[Black "Ãîëüöåâ, Äìèòðèé."]
[Result "1-0"]
[WhiteElo "2384"]
[BlackElo "2161"]
[PlyCount "113"]
[EventDate "2017.04.20"]

1. d4 e6 2. Nf3 f5 3. c4 Nf6 4. Bf4 Bb4+ 5. Nbd2 b6 6. e3 Bb7 7. Bd3 O-O 8. O-O
Bxd2 9. Nxd2 d6 10. Bg3 Qe7 11. Re1 Nbd7 12. e4 fxe4 13. Nxe4 Nxe4 14. Bxe4
Bxe4 15. Rxe4 Rfe8 16. Qf3 Nf8 17. Rae1 a5 18. Qe2 c6 19. d5 cxd5 20. cxd5 e5
21. f4 Nd7 22. fxe5 dxe5 23. Bxe5 Nxe5 24. Rxe5 Qxe5 25. Qxe5 Rxe5 26. Rxe5 Rf8
27. g3 b5 28. Kg2 a4 29. h4 g6 30. a3 Kf7 31. Kf3 Rc8 32. Ke3 Rc5 33. Kd4 Rc4+
34. Kd3 Rc5 35. Kd4 Rc4+ 36. Ke3 Rc5 37. g4 h6 38. h5 gxh5 39. Rxh5 Rc2 40.
Rxh6 Rxb2 41. Rb6 b4 42. axb4 a3 43. Kf4 a2 44. Ra6 Rxb4+ 45. Kf5 Rd4 46. Ra7+
Ke8 47. Ke6 Re4+ 48. Kd6 Rxg4 49. Ra8+ Kf7 50. Rxa2 Rd4 51. Re2 Rd1 52. Kc6
Rc1+ 53. Kd7 Rc3 54. d6 Kf6 55. Kd8 Kf7 56. d7 Rd3 57. Re7+ 1-0

[Event "Ì19"]
[Site "Loo"]
[Date "2017.04.26"]
[Round "7.11"]
[White "Áóö, Íèêèòà."]
[Black "Õàíèí, Ñåìåí."]
[Result "0-1"]
[WhiteElo "2260"]
[BlackElo "2430"]
[PlyCount "46"]
[EventDate "2017.04.20"]

1. d4 Nf6 2. c4 e6 3. Nf3 b6 4. g3 Bb7 5. Bg2 Be7 6. O-O O-O 7. Re1 d5 8. cxd5
exd5 9. Bf4 Ne4 10. Qc2 Na6 11. a3 c5 12. Nc3 Nxc3 13. Qxc3 Rc8 14. Rad1 Qd7
15. Qd2 cxd4 16. Nxd4 Nc5 17. b4 Ne4 18. Qb2 Bf6 19. Rc1 Rc4 20. Be3 Nd6 21.
Qd2 Rfc8 22. Rcd1 Qa4 23. Ra1 Nb5 0-1

[Event "Ì19"]
[Site "Loo"]
[Date "2017.04.26"]
[Round "7.12"]
[White "Ñèí, Äåíèñ."]
[Black "Àáåëãóçèí, Äèíàð."]
[Result "1/2-1/2"]
[WhiteElo "2240"]
[BlackElo "2406"]
[PlyCount "132"]
[EventDate "2017.04.20"]

1. d4 d6 2. c4 Nf6 3. Nc3 g6 4. e4 Bg7 5. Nf3 O-O 6. h3 c5 7. d5 Nfd7 8. Be2
Na6 9. O-O Nc7 10. Bf4 h6 11. Qd2 Kh7 12. Rfe1 b6 13. Bf1 Ne5 14. Qe3 Nxf3+ 15.
Qxf3 e5 16. Bd2 f5 17. Qd1 f4 18. Be2 h5 19. a3 Qg5 20. Kh1 Bf6 21. g4 Qh4 22.
Kg2 f3+ 23. Bxf3 Bg5 24. Rh1 Bd7 25. Bxg5 Qxg5 26. Qc1 Qf6 27. Qe3 b5 28. b3
Rab8 29. Rab1 b4 30. axb4 cxb4 31. Nd1 Na6 32. Be2 Nc5 33. f3 a5 34. Nb2 h4 35.
Nd3 Rfc8 36. Nxc5 Rxc5 37. Ra1 g5 38. Rhb1 Kg7 39. Qd2 Kf8 40. Ra2 Ke7 41. Rba1
Ra8 42. Rb2 Rb8 43. Rba2 Ra8 44. Rb2 Qf4 45. Qxf4 exf4 46. Kf2 Kf6 47. Bf1 Ke5
48. Ke2 a4 49. Kd3 Rac8 50. Kd2 a3 51. Rba2 R8c7 52. Be2 Kd4 53. Rd1 Bc8 54.
Ke1+ Ke5 55. Kd2 Ba6 56. Rc1 Kd4 57. Rd1 Ra5 58. Ke1+ Ke5 59. Rc1 Rc8 60. Rcc2
Bb5 61. Rc1 Rc5 62. Kd2 Bd7 63. Ke1 Ra7 64. Rd1 Rcc7 65. Rc1 Ra5 66. Rd1 Be8
1/2-1/2

[Event "Ì19"]
[Site "Loo"]
[Date "2017.04.26"]
[Round "7.13"]
[White "Äðûãàëîâ, Àíäðåé."]
[Black "Èíäæèåâ, Àëäàð."]
[Result "1-0"]
[WhiteElo "2389"]
[BlackElo "2050"]
[PlyCount "149"]
[EventDate "2017.04.20"]

1. e4 c5 2. Nf3 d6 3. Bb5+ Bd7 4. Bxd7+ Qxd7 5. c4 Qg4 6. O-O Qxe4 7. d4 cxd4
8. Nxd4 Nc6 9. Nb5 O-O-O 10. Be3 Kb8 11. Qa4 a6 12. N5c3 Qg4 13. h3 Qh4 14. f4
g5 15. Bf2 Qxf4 16. Ba7+ Nxa7 17. Rxf4 gxf4 18. Nd2 e6 19. Nf3 Be7 20. Rb1 Nf6
21. b4 Nd7 22. b5 axb5 23. cxb5 Rc8 24. b6 Nxb6 25. Rxb6 Rxc3 26. Qxf4 e5 27.
Nxe5 Rhc8 28. Nf3 Bd8 29. Rb1 Nc6 30. Qxf7 Rc7 31. Qf5 Re7 32. a4 Rc5 33. Qd3
Bc7 34. Nd2 Rd7 35. Ne4 Re5 36. Nf6 Rg7 37. Nd5 Reg5 38. Rb2 Bd8 39. Nf4 Re7
40. Qc3 Rc5 41. Qd2 d5 42. Rb5 Ba5 43. Qb2 Rxb5 44. axb5 Bb6+ 45. Kh2 Bc7 46.
g3 Bxf4 47. gxf4 Nd8 48. Qd4 Rd7 49. f5 Kc7 50. Kg3 Kd6 51. Kf4 Nf7 52. Qb6+
Ke7 53. f6+ Ke8 54. Qe6+ Kd8 55. b6 d4 56. Qg4 Kc8 57. Qg8+ Nd8 58. Qa2 Rd6 59.
Ke5 Kd7 60. f7 Re6+ 61. Kxd4 Nxf7 62. Qa4+ Ke7 63. Qa7 Nd8 64. Kd3 Kd7 65. Qa4+
Nc6 66. Qf4 Rd6+ 67. Kc3 Ne7 68. Qe4 Nd5+ 69. Kc4 Nxb6+ 70. Kb5 Nd5 71. Qxh7+
Ne7 72. h4 Ke6 73. h5 Rd8 74. h6 Rg8 75. Qxg8+ 1-0

[Event "Ì19"]
[Site "Loo"]
[Date "2017.04.26"]
[Round "7.14"]
[White "Áîíäàðåíêî, Èâàí."]
[Black "Ãàëàêòèîíîâ, Àðòåì."]
[Result "0-1"]
[WhiteElo "2251"]
[BlackElo "2346"]
[PlyCount "134"]
[EventDate "2017.04.20"]

1. d4 d5 2. c4 e6 3. Nc3 Be7 4. cxd5 exd5 5. Bf4 c6 6. Qc2 Bd6 7. Bxd6 Qxd6 8.
e3 Ne7 9. Bd3 g6 10. f3 O-O 11. Nge2 Nf5 12. Bxf5 Bxf5 13. e4 dxe4 14. fxe4 Be6
15. O-O Nd7 16. Rad1 f6 17. Rfe1 Rad8 18. Kh1 Nb6 19. b3 Bg4 20. h3 Bxe2 21.
Rxe2 Qb4 22. Red2 Rf7 23. d5 cxd5 24. Nxd5 Nxd5 25. exd5 Rd6 26. Rd4 Qb6 27. b4
Rfd7 28. Qe4 Kg7 29. a3 Qd8 30. R4d3 Qe7 31. Qf4 Qe2 32. R3d2 Qb5 33. Rf2 Qa6
34. Qf3 Qc4 35. Rfd2 Re7 36. Rd4 Qe2 37. Qc3 a6 38. R4d2 Qe5 39. Qc5 Rdd7 40.
Qc4 Qg3 41. Qc1 Re3 42. d6 Rc3 43. Qb1 Rxa3 44. Rd3 Rxd3 45. Rxd3 Qf4 46. Qe1
Kf7 47. Qd1 Qxb4 48. Rd4 Qb5 49. Qd2 Qf1+ 50. Kh2 Qf5 51. Rd5 Qe6 52. Rd3 b5
53. Kh1 Kg7 54. Rd4 Qf5 55. Kh2 Qg5 56. Qd3 Qe5+ 57. Kh1 b4 58. Rd5 Qe6 59. Rd4
a5 60. Kh2 b3 61. Qd2 Qe5+ 62. g3 a4 63. Rxa4 Qxd6 64. Qxd6 Rxd6 65. h4 Rb6 66.
Ra1 b2 67. Rb1 Kf7 0-1

[Event "Ì19"]
[Site "Loo"]
[Date "2017.04.26"]
[Round "7.15"]
[White "Êðèâöîâ, Àëåêñàíäð."]
[Black "Àçèìîâ, Èëüÿñ."]
[Result "1-0"]
[WhiteElo "2206"]
[BlackElo "2171"]
[PlyCount "67"]
[EventDate "2017.04.20"]

1. e4 d6 2. Nf3 Nf6 3. Nc3 c6 4. d4 Qa5 5. Bd2 Qc7 6. Bd3 e5 7. O-O g6 8. Qc1
h6 9. Bc4 b5 10. dxe5 dxe5 11. Bd3 Nbd7 12. a4 b4 13. Nd1 a5 14. Ne3 Bg7 15.
Nc4 Ba6 16. Re1 Bxc4 17. Bxc4 Nb6 18. Ba2 c5 19. c3 Rc8 20. cxb4 axb4 21. a5
Nbd7 22. Bc4 g5 23. b3 O-O 24. h4 g4 25. Nh2 Kh7 26. Nf1 Ng8 27. Ne3 Ndf6 28.
Nf5 Nh5 29. a6 Ra8 30. Bd5 Qb6 31. Bxa8 Rxa8 32. Be3 Rxa6 33. Rxa6 Qxa6 34.
Qxc5 1-0